[Event "33. Open Ciudad de San Sebastian"]
[Site "San Sebastián ESP"]
[Date "2010.03.31"]
[Round "4.15"]
[White "Ledger, Andrew J"]
[Black "Korhonen, Pasi"]
[Result "1-0"]
[WhiteElo "2431"]
[BlackElo "2102"]
[PlyCount "87"]
[EventDate "2010.03.28"]
[EventType "swiss"]
[EventRounds "9"]
[EventCountry "ESP"]
[Source "lmi"]
[SourceDate "2010.03.28"]

1. e4 e6 2. Nc3 d5 3. Nf3 dxe4 4. Nxe4 Nf6 5. Nxf6+ Qxf6 6. d4 h6 7. Bd3 Nd7 8.
O-O Bd6 9. Re1 O-O 10. Qe2 Rd8 11. Qe4 Nf8 12. Ne5 Rb8 13. Re3 Qe7 14. Rg3 f5
15. Qe2 Kh7 16. Qh5 Bxe5 17. dxe5 Qe8 18. Qe2 b6 19. Rh3 c5 20. Bg5 Rd5 21. Qe3
Bb7 22. Bxh6 Qg6 23. Bxg7+ Kxg7 24. Rg3 Rd4 25. f4 Rbd8 26. b3 Kf7 27. Rxg6
Nxg6 28. Rf1 Rg8 29. g3 Rg7 30. c3 Rd8 31. Be2 Rh8 32. Bf3 Bxf3 33. Qxf3 Rgh7
34. Rd1 Rxh2 35. Rd7+ Kg8 36. Qa8+ Nf8 37. Rd8 Kg7 38. Qxa7+ Kg6 39. Qa8 Kg7
40. Rxf8 R8h7 41. Rg8+ Kh6 42. Qf8+ Kh5 43. Qe8+ Kh6 44. Qg6# 1-0

[Event "33. Open Ciudad de San Sebastian"]
[Site "San Sebastián ESP"]
[Date "2010.03.31"]
[Round "4.16"]
[White "Lakunza Plazaola, Asier"]
[Black "Marholev, Dimitar"]
[Result "1/2-1/2"]
[WhiteElo "2093"]
[BlackElo "2423"]
[PlyCount "38"]
[EventDate "2010.03.28"]
[EventType "swiss"]
[EventRounds "9"]
[EventCountry "ESP"]
[Source "lmi"]
[SourceDate "2010.03.28"]

1. e4 e5 2. Nf3 Nc6 3. Bb5 g6 4. d4 exd4 5. Nxd4 Bg7 6. Be3 Nf6 7. Nc3 O-O 8.
f3 Ne7 9. O-O d5 10. Nb3 c6 11. Be2 Qc7 12. Qe1 Re8 13. Qf2 Nh5 14. Bd4 Bxd4
15. Qxd4 Nf4 16. Rfe1 Qb6 17. exd5 Nexd5 18. Nxd5 Nxd5 19. Bc4 Qxd4+ 1/2-1/2

[Event "33. Open Ciudad de San Sebastian"]
[Site "San Sebastián ESP"]
[Date "2010.03.31"]
[Round "4.19"]
[White "Garro Beraza, Haritz"]
[Black "Almeida Toledano, Daniel"]
[Result "1/2-1/2"]
[WhiteElo "2075"]
[BlackElo "2367"]
[PlyCount "122"]
[EventDate "2010.03.28"]
[EventType "swiss"]
[EventRounds "9"]
[EventCountry "ESP"]
[Source "lmi"]
[SourceDate "2010.03.28"]

1. e4 e6 2. d3 d5 3. Nd2 c5 4. Ngf3 Nc6 5. g3 g6 6. Bg2 Bg7 7. O-O Nf6 8. exd5
Nxd5 9. a4 O-O 10. Nc4 e5 11. Re1 f6 12. c3 Be6 13. Nfd2 Qd7 14. Ne4 b6 15. a5
Rab8 16. Qf3 Nce7 17. axb6 axb6 18. Qe2 Bg4 19. f3 Be6 20. Nf2 Bf7 21. Na3 Rfd8
22. Nc2 Nc6 23. Ne3 Nxe3 24. Bxe3 f5 25. Qc2 Ne7 26. f4 Nd5 27. fxe5 Nxe3 28.
Rxe3 Bd5 29. Bxd5+ Qxd5 30. Rae1 Bh6 31. R3e2 Qe6 32. Qa4 g5 33. Qc4 Kf7 34. g4
Qxc4 35. dxc4 fxg4 36. Nxg4 Bg7 37. e6+ Kg6 38. e7 Re8 39. Ne5+ Bxe5 40. Rxe5
Rb7 41. Re6+ Kf7 42. Rh6 Kg7 43. Ree6 Rbxe7 44. Rxe7+ Rxe7 45. Rxb6 Re4 46. b3
Re3 47. Rb5 Rxc3 48. Rxc5 Rxb3 49. Rxg5+ Kf6 50. Rg3 Rb1+ 51. Kg2 Rc1 52. Rg4
Rc3 53. Rd4 h5 54. Rd6+ Kg5 55. Rd5+ Kh4 56. Rd4+ Kg5 57. h4+ Kf5 58. Kf2 Ke5
59. Rd5+ Kf4 60. Rxh5 Rc2+ 61. Ke1 Rxc4 1/2-1/2

[Event "33. Open Ciudad de San Sebastian"]
[Site "San Sebastián ESP"]
[Date "2010.03.31"]
[Round "4.20"]
[White "Andres Gonzalez, Ivan"]
[Black "Benson, Oisin P"]
[Result "1-0"]
[WhiteElo "2340"]
[BlackElo "2065"]
[PlyCount "35"]
[EventDate "2010.03.28"]
[EventType "swiss"]
[EventRounds "9"]
[EventCountry "ESP"]
[Source "lmi"]
[SourceDate "2010.03.28"]

1. e4 c5 2. Nc3 d6 3. f4 g6 4. Nf3 Nc6 5. Bc4 Bg7 6. O-O e6 7. d3 Nd4 8. Nxd4
Bxd4+ 9. Kh1 Ne7 10. f5 exf5 11. Bg5 h6 12. Bxe7 Qxe7 13. Nd5 Qd8 14. c3 Bf6
15. exf5 gxf5 16. Qh5 Be6 17. Nxf6+ Qxf6 18. Bxe6 1-0

[Event "33. Open Ciudad de San Sebastian"]
[Site "San Sebastián ESP"]
[Date "2010.03.31"]
[Round "4.21"]
[White "Jakobsen, Ole"]
[Black "Thomassen, Thomas"]
[Result "1/2-1/2"]
[WhiteElo "2332"]
[BlackElo "2041"]
[PlyCount "43"]
[EventDate "2010.03.28"]
[EventType "swiss"]
[EventRounds "9"]
[EventCountry "ESP"]
[Source "lmi"]
[SourceDate "2010.03.28"]

1. d4 Nf6 2. c4 g6 3. Nc3 Bg7 4. e4 d6 5. f3 O-O 6. Bg5 a6 7. Qd2 Nbd7 8. Nh3
c5 9. d5 b5 10. cxb5 Qa5 11. Nf2 Nb6 12. bxa6 Bxa6 13. Bxa6 Rxa6 14. Rc1 Rb8
15. b3 c4 16. O-O cxb3 17. axb3 Nbd7 18. Nb1 Rxb3 19. Rc8+ Nf8 20. Qxa5 Rxa5
21. Nd2 Rba3 22. Nc4 1/2-1/2

[Event "33. Open Ciudad de San Sebastian"]
[Site "San Sebastián ESP"]
[Date "2010.03.31"]
[Round "4.22"]
[White "Andonov, Bogomil"]
[Black "Tome Vazquez, Oscar"]
[Result "1-0"]
[WhiteElo "2304"]
[BlackElo "2015"]
[PlyCount "87"]
[EventDate "2010.03.28"]
[EventType "swiss"]
[EventRounds "9"]
[EventCountry "ESP"]
[Source "lmi"]
[SourceDate "2010.03.28"]

1. c4 g6 2. d4 Bg7 3. Nf3 d6 4. e4 e5 5. d5 f5 6. Nc3 Ne7 7. exf5 gxf5 8. Ng5
O-O 9. Qh5 h6 10. Nh3 Qe8 11. Be2 Qxh5 12. Bxh5 a5 13. f4 Na6 14. Be3 b6 15.
O-O-O e4 16. Bd4 Bxd4 17. Rxd4 Bd7 18. Nf2 Nc5 19. Be2 Kh8 20. Ncd1 Ng8 21. Ne3
Nf6 22. h3 Rae8 23. b3 Kh7 24. Kd2 Rg8 25. Nfd1 Re7 26. Rh2 Reg7 27. Nf2 Rg3
28. Nh1 R3g7 29. Nf2 Rg3 30. Nh1 R3g7 31. Ke1 Bc8 32. Kf2 Bd7 33. g3 Bc8 34.
Rg2 Bd7 35. Kg1 Bc8 36. Kh2 Bd7 37. Nf2 h5 38. Rd1 Rg6 39. Rdg1 R8g7 40. Nc2 c6
41. dxc6 Bxc6 42. Nd4 Bd7 43. Nd1 Nd3 44. Ne3 1-0

[Event "33. Open Ciudad de San Sebastian"]
[Site "San Sebastián ESP"]
[Date "2010.03.31"]
[Round "4.23"]
[White "Martin Alvarez, Inigo"]
[Black "Hernandez Lopez, Daniel"]
[Result "1-0"]
[WhiteElo "2289"]
[BlackElo "1955"]
[PlyCount "73"]
[EventDate "2010.03.28"]
[EventType "swiss"]
[EventRounds "9"]
[EventCountry "ESP"]
[Source "lmi"]
[SourceDate "2010.03.28"]

1. e4 c5 2. Nf3 Nc6 3. d4 cxd4 4. Nxd4 Nf6 5. Nc3 e5 6. Ndb5 d6 7. Bg5 a6 8.
Na3 b5 9. Bxf6 gxf6 10. Nd5 f5 11. Bd3 Be6 12. O-O f4 13. Qh5 Bg7 14. c4 b4 15.
Nc2 a5 16. b3 Ne7 17. a3 bxa3 18. Rxa3 Bxd5 19. cxd5 O-O 20. Rfa1 Rb8 21. Ne1
Qc8 22. Qd1 f5 23. Rxa5 Qc3 24. Ra7 Bf6 25. exf5 Rxb3 26. Qg4+ Kh8 27. Qh5 Rb7
28. Kf1 Qc7 29. Ra8 Nc8 30. R1a2 Qg7 31. g4 Rc7 32. h4 h6 33. g5 Rg8 34. gxf6
Qxf6 35. Be4 Rc4 36. f3 Rc1 37. Rg2 1-0

[Event "33. Open Ciudad de San Sebastian"]
[Site "San Sebastián ESP"]
[Date "2010.03.31"]
[Round "4.24"]
[White "Bas Mas, Jose Joaquin"]
[Black "Hagesaether, Ellen"]
[Result "0-1"]
[WhiteElo "2051"]
[BlackElo "2269"]
[PlyCount "156"]
[EventDate "2010.03.28"]
[EventType "swiss"]
[EventRounds "9"]
[EventCountry "ESP"]
[Source "lmi"]
[SourceDate "2010.03.28"]

1. e4 e5 2. Nf3 Nc6 3. Bb5 a6 4. Ba4 Nf6 5. O-O b5 6. Bb3 Be7 7. Re1 d6 8. c3
O-O 9. h3 Nb8 10. d4 Nbd7 11. Nbd2 Bb7 12. Bc2 c5 13. d5 g6 14. Nf1 Nh5 15.
N3h2 Nf4 16. Ng3 Nf6 17. Qf3 Nd7 18. Bxf4 exf4 19. Qxf4 Ne5 20. Nf3 Bf6 21.
Nxe5 Bxe5 22. Qg4 Bc8 23. Qf3 Qg5 24. a4 Bd7 25. Qe3 Bf4 26. Qd3 b4 27. Ne2 Be5
28. Rf1 c4 29. Qe3 Qxe3 30. fxe3 b3 31. Bd1 Rfe8 32. Nf4 Kg7 33. Bf3 Rac8 34.
a5 Rc5 35. Ne2 Bf6 36. Nf4 Bd8 37. Ra3 Bc8 38. Rfa1 Re7 39. Kf2 Rb7 40. Be2 Bd7
41. Kf3 h5 42. g4 hxg4+ 43. hxg4 Rb8 44. Kf2 Bc7 45. Kf3 Rh8 46. Kf2 Bb8 47.
Rg1 Bb5 48. Bf3 Rcc8 49. Bg2 Kf6 50. Kg3 Rce8 51. Raa1 Bc7 52. Rgf1 Ke7 53. Rh1
Rxh1 54. Bxh1 Rh8 55. Bg2 Bb8 56. Ne2 Bd7 57. Nd4 Rc8 58. Bf1 Rc5 59. Kf3 Bc7
60. Kf4 Kf6 61. Nf3 Bxa5 62. Bxc4 Bxc3 63. Bxb3 g5+ 64. Kg3 Bxb2 65. Rxa6 Rc3
66. Ba4 Bxa4 67. Rxa4 Rxe3 68. Kf2 Rb3 69. Ra6 Be5 70. Ra4 Bf4 71. Rc4 Rb2+ 72.
Kg1 Be3+ 73. Kh1 Rf2 74. Nd4 Bxd4 75. Rxd4 Ke5 76. Rc4 Kf4 77. Rc6 Ke5 78. Rc4
Rf4 0-1

[Event "33. Open Ciudad de San Sebastian"]
[Site "San Sebastián ESP"]
[Date "2010.03.31"]
[Round "4.25"]
[White "Torres, Patrice"]
[Black "Nelson, Jonathan P"]
[Result "1/2-1/2"]
[WhiteElo "2003"]
[BlackElo "2245"]
[PlyCount "115"]
[EventDate "2010.03.28"]
[EventType "swiss"]
[EventRounds "9"]
[EventCountry "ESP"]
[Source "lmi"]
[SourceDate "2010.03.28"]

1. d4 Nf6 2. Nf3 g6 3. c4 Bg7 4. Nc3 O-O 5. e4 d6 6. Be2 e5 7. Be3 Ng4 8. Bg5
f6 9. Bh4 Nc6 10. h3 Nh6 11. dxe5 dxe5 12. Qxd8 Nxd8 13. Nd5 Ne6 14. O-O c6 15.
Ne7+ Kf7 16. Nxc8 Rfxc8 17. Rfd1 Rd8 18. Rxd8 Rxd8 19. Rd1 Rxd1+ 20. Bxd1 Bf8
21. Ne1 Bc5 22. Nd3 Bd4 23. Kf1 Nf4 24. Nxf4 exf4 25. f3 Bxb2 26. Bf2 a6 27. c5
Ke7 28. Bb3 Nf7 29. Bxf7 Kxf7 30. Ke2 Ke6 31. Kd3 f5 32. exf5+ Kxf5 33. Kc4 Ke5
34. Bh4 Bc1 35. Bd8 Be3 36. Bc7+ Ke6 37. Bd8 h6 38. Bc7 Kd7 39. Ba5 Bf2 40. Bb6
Ke6 41. Bc7 Kf5 42. Bd8 g5 43. Ba5 h5 44. Bc3 g4 45. hxg4+ hxg4 46. Bd4 Be1 47.
Kd3 gxf3 48. gxf3 Bh4 49. Bg1 Ke5 50. Kc4 Bd8 51. Bd4+ Ke6 52. Bg1 Bc7 53. Bf2
Ba5 54. Bg1 Bd2 55. Kd3 Be1 56. Ke4 Bd2 57. Bd4 Bc1 58. Bg1 1/2-1/2

[Event "33. Open Ciudad de San Sebastian"]
[Site "San Sebastián ESP"]
[Date "2010.03.31"]
[Round "4.26"]
[White "Bjerke, Silje"]
[Black "Lopez Heras, Arturo"]
[Result "1-0"]
[WhiteElo "2218"]
[BlackElo "2001"]
[PlyCount "91"]
[EventDate "2010.03.28"]
[EventType "swiss"]
[EventRounds "9"]
[EventCountry "ESP"]
[Source "lmi"]
[SourceDate "2010.03.28"]

1. e4 e5 2. Nf3 Nc6 3. Bb5 f5 4. d3 fxe4 5. dxe4 Nf6 6. O-O Bc5 7. Bxc6 bxc6 8.
Nxe5 O-O 9. Bg5 Qe8 10. Bxf6 Rxf6 11. Nd3 Bb6 12. Nd2 d5 13. e5 Rf8 14. Kh1 Bf5
15. Qe2 Bd4 16. f4 Qg6 17. Nb3 Bb6 18. Rac1 Rab8 19. Qf3 h5 20. Qg3 Qh7 21. Qh4
Rfe8 22. Ne1 Re6 23. Nf3 Rh6 24. Ng5 Qg6 25. c3 a5 26. Nd4 Bxd4 27. cxd4 Rxb2
28. Rf2 Rb4 29. Re2 Bg4 30. Ree1 Rxd4 31. Qf2 Rb4 32. Qa7 Qe8 33. Qxc7 Rxf4 34.
e6 Rhf6 35. Qf7+ Qxf7 36. exf7+ Rxf7 37. Nxf7 Kxf7 38. Rxc6 Rf2 39. h3 Bf5 40.
Kg1 Rxa2 41. Rf1 g6 42. g4 hxg4 43. hxg4 d4 44. gxf5 gxf5 45. Rxf5+ Ke7 46. Rd5
1-0

[Event "33. Open Ciudad de San Sebastian"]
[Site "San Sebastián ESP"]
[Date "2010.03.31"]
[Round "4.27"]
[White "Segovia Sanchez, Antonio"]
[Black "Griffiths, Ryan Rhys"]
[Result "0-1"]
[WhiteElo "1998"]
[BlackElo "2195"]
[PlyCount "114"]
[EventDate "2010.03.28"]
[EventType "swiss"]
[EventRounds "9"]
[EventCountry "ESP"]
[Source "lmi"]
[SourceDate "2010.03.28"]

1. d4 Nf6 2. Bf4 e6 3. e3 c5 4. c3 cxd4 5. exd4 Nc6 6. Nd2 b6 7. Ngf3 Bb7 8.
Bd3 Be7 9. h3 d6 10. Qe2 a6 11. a4 O-O 12. O-O Re8 13. Ne4 Qc7 14. Nfg5 Nxe4
15. Nxe4 e5 16. Bg5 d5 17. Bxe7 Rxe7 18. Ng3 e4 19. Bc2 a5 20. Qh5 g6 21. Qg5
Re6 22. Nf5 Ne7 23. Nh6+ Kg7 24. Ng4 Nf5 25. Ne3 Nxe3 26. fxe3 h6 27. Qg4 h5
28. Qg5 f6 29. Qh4 Ba6 30. Bb3 Bc4 31. Bxc4 Qxc4 32. g4 hxg4 33. Qxg4 Re7 34.
Rf2 Qc8 35. Qg3 Qe6 36. Raf1 Rf7 37. Rf5 Rh8 38. h4 Rh6 39. R5f4 Rh5 40. R1f2
Qc6 41. Rg4 Rh6 42. Rg2 f5 43. Rg5 Rf6 44. Qf4 Qxa4 45. Qc7+ Rf7 46. Qe5+ Kh7
47. Qg3 Qd1+ 48. Kh2 Qf3 49. Rxg6 Qxg2+ 50. Qxg2 Rxg6 51. Qf2 Rg4 52. Kh3 Kg6
53. Qh2 Rxh4+ 54. Kxh4 Rh7+ 55. Kg3 Rxh2 56. Kxh2 b5 57. Kg2 f4 0-1

[Event "33. Open Ciudad de San Sebastian"]
[Site "San Sebastián ESP"]
[Date "2010.03.31"]
[Round "4.28"]
[White "Navarrete Espi, Samuel"]
[Black "Andersen, Alf R"]
[Result "1-0"]
[WhiteElo "1992"]
[BlackElo "2185"]
[PlyCount "69"]
[EventDate "2010.03.28"]
[EventType "swiss"]
[EventRounds "9"]
[EventCountry "ESP"]
[Source "lmi"]
[SourceDate "2010.03.28"]

1. e4 d6 2. d4 Nf6 3. Nc3 g6 4. f4 Bg7 5. Nf3 c5 6. Bb5+ Bd7 7. Bxd7+ Nfxd7 8.
d5 Na6 9. O-O O-O 10. f5 Nc7 11. a4 a6 12. Qe1 b5 13. Qh4 b4 14. Ne2 e6 15.
dxe6 fxe6 16. Bg5 Qe8 17. Be7 Bf6 18. Bxf6 Nxf6 19. e5 dxe5 20. fxg6 hxg6 21.
Nxe5 Ncd5 22. Nf4 Nxf4 23. Rxf4 Nd5 24. Rxf8+ Qxf8 25. Rf1 Qd8 26. Qh6 Ne7 27.
Nxg6 Qd4+ 28. Kh1 Nf5 29. Ne7+ Nxe7 30. Qxe6+ Kh8 31. Qxe7 a5 32. h3 c4 33. Rf7
Qd1+ 34. Kh2 Qxc2 35. Qf6+ 1-0

[Event "33. Open Ciudad de San Sebastian"]
[Site "San Sebastián ESP"]
[Date "2010.03.31"]
[Round "4.29"]
[White "Aranaz Portugues, Jose Carlos"]
[Black "Bas Mas, Miguel"]
[Result "1-0"]
[WhiteElo "2169"]
[BlackElo "1801"]
[PlyCount "51"]
[EventDate "2010.03.28"]
[EventType "swiss"]
[EventRounds "9"]
[EventCountry "ESP"]
[Source "lmi"]
[SourceDate "2010.03.28"]

1. d4 Nf6 2. Bg5 e6 3. Nd2 Be7 4. e3 d5 5. Bd3 Nbd7 6. c3 b6 7. f4 Bb7 8. Qf3
c5 9. Nh3 Rc8 10. O-O O-O 11. Rae1 c4 12. Bb1 h6 13. Bxf6 Nxf6 14. g4 Nh7 15.
g5 f5 16. gxf6 Bxf6 17. Qg4 Qe8 18. Re2 Rc7 19. Bg6 Qc8 20. Rg2 Bc6 21. Qh5 Qd8
22. Bc2 g5 23. Qxh6 Bg7 24. fxg5 Nxg5 25. Nf4 Qe8 26. h4 1-0

[Event "33. Open Ciudad de San Sebastian"]
[Site "San Sebastián ESP"]
[Date "2010.03.31"]
[Round "4.30"]
[White "Miguelez Garcia, Erlantz"]
[Black "Diez Fraile, David"]
[Result "0-1"]
[WhiteElo "1958"]
[BlackElo "2168"]
[PlyCount "69"]
[EventDate "2010.03.28"]
[EventType "swiss"]
[EventRounds "9"]
[EventCountry "ESP"]
[Source "lmi"]
[SourceDate "2010.03.28"]

1. d4 Nf6 2. c4 c5 3. Nf3 e6 4. Nc3 cxd4 5. Nxd4 a6 6. g3 Qc7 7. e4 Bb4 8. Qd3
O-O 9. Bg2 Nc6 10. Nxc6 dxc6 11. O-O e5 12. Bg5 Be6 13. a3 Be7 14. h3 Rad8 15.
Qe2 Rd4 16. b3 Rfd8 17. Rfd1 Rxd1+ 18. Nxd1 Qb6 19. b4 Qd4 20. Rc1 Bxc4 21.
Qxc4 Qxc4 22. Rxc4 Rxd1+ 23. Kh2 Kf8 24. Bxf6 Bxf6 25. Bf3 Rd3 26. Kg2 Rxa3 27.
Bg4 a5 28. Bc8 axb4 29. Bxb7 b3 30. Rxc6 Bd8 31. Rc5 Bb6 32. Rb5 Bd4 33. Bd5 b2
34. Rb7 Ra1 35. Rb8+ 0-1

[Event "33. Open Ciudad de San Sebastian"]
[Site "San Sebastián ESP"]
[Date "2010.03.31"]
[Round "4.31"]
[White "Hagemann, Tim Dr"]
[Black "Cantabrana Garona, Alejandro"]
[Result "1-0"]
[WhiteElo "2164"]
[BlackElo "1780"]
[PlyCount "61"]
[EventDate "2010.03.28"]
[EventType "swiss"]
[EventRounds "9"]
[EventCountry "ESP"]
[Source "lmi"]
[SourceDate "2010.03.28"]

1. Nf3 c5 2. e3 Nc6 3. d4 cxd4 4. exd4 d5 5. c3 Nf6 6. Bd3 e6 7. O-O h6 8. Qe2
Bd6 9. Ne5 O-O 10. f4 Qc7 11. Nd2 Bxe5 12. fxe5 Ne8 13. Nf3 f5 14. exf6 Nxf6
15. Ne5 Nxe5 16. dxe5 Nd7 17. Bf4 Nc5 18. Bc2 Bd7 19. Kh1 Bc6 20. Qg4 Kh8 21.
Qg6 Ne4 22. Qxe6 Rae8 23. Qg6 Qd7 24. Be3 Qe7 25. Bd4 Rxf1+ 26. Rxf1 Rf8 27.
Rf3 Rxf3 28. gxf3 Qh4 29. fxe4 dxe4 30. Qg3 e3+ 31. Kg1 1-0

[Event "33. Open Ciudad de San Sebastian"]
[Site "San Sebastián ESP"]
[Date "2010.03.31"]
[Round "4.33"]
[White "Baroja Arrue, Miguel Maria"]
[Black "Torres Ganuza, Fco  Javier"]
[Result "0-1"]
[WhiteElo "1875"]
[BlackElo "2109"]
[PlyCount "97"]
[EventDate "2010.03.28"]
[EventType "swiss"]
[EventRounds "9"]
[EventCountry "ESP"]
[Source "lmi"]
[SourceDate "2010.03.28"]

1. d4 b5 2. Nf3 Bb7 3. e3 b4 4. a3 a5 5. axb4 axb4 6. Rxa8 Bxa8 7. Be2 Nf6 8.
O-O e6 9. c4 c5 10. dxc5 Bxc5 11. Nbd2 O-O 12. Qc2 Qb6 13. h3 Rc8 14. b3 d5 15.
Bb2 Nbd7 16. cxd5 Nxd5 17. Nc4 Qb7 18. Qd2 Be7 19. Ra1 N7f6 20. Bd3 Rd8 21. Bd4
Qc7 22. Nfe5 Nd7 23. Nxd7 Qxd7 24. Ra7 Qe8 25. Qc2 h6 26. Be4 Rc8 27. Bf3 Bf8
28. Qb2 Rc7 29. Qa1 Rxa7 30. Qxa7 Qc8 31. Ne5 Qb7 32. Qa5 Qc8 33. Nd3 Bd6 34.
Bc5 Bc7 35. Qb5 Bc6 36. Qc4 Qa8 37. Nxb4 Nxb4 38. Bxb4 Qa1+ 39. Qf1 Bh2+ 40.
Kxh2 Qxf1 41. Bxc6 Qxf2 42. Bc5 g5 43. b4 Qc2 44. Bd7 Qc3 45. Bc8 h5 46. Bd7
Kh7 47. Be8 Kg6 48. Bd7 g4 49. Bc8 0-1

[Event "33. Open Ciudad de San Sebastian"]
[Site "San Sebastián ESP"]
[Date "2010.03.31"]
[Round "4.34"]
[White "Navarro Vallejo, Jonathan"]
[Black "Navarro Rivas, Rashid"]
[Result "0-1"]
[WhiteElo "1795"]
[BlackElo "2046"]
[PlyCount "86"]
[EventDate "2010.03.28"]
[EventType "swiss"]
[EventRounds "9"]
[EventCountry "ESP"]
[Source "lmi"]
[SourceDate "2010.03.28"]

1. e4 c5 2. Nf3 Nc6 3. d4 cxd4 4. Nxd4 Nf6 5. Nc3 d6 6. Bc4 e6 7. Bg5 Be7 8.
O-O O-O 9. Bb3 Bd7 10. Kh1 a6 11. f4 Nxd4 12. Qxd4 Bc6 13. Rad1 h6 14. Bh4 Qc7
15. f5 e5 16. Qd3 Rad8 17. Bxf6 Bxf6 18. Qg3 b5 19. a3 a5 20. Bd5 b4 21. Bxc6
bxc3 22. Qxc3 Rc8 23. Ba4 Qxc3 24. bxc3 Rfd8 25. Rd3 Rc4 26. Bb5 Rxe4 27. Rfd1
Be7 28. h3 Rf4 29. g4 h5 30. c4 Rc8 31. Ba6 Rc6 32. Bb5 Rc5 33. Rg1 Kh7 34. c3
hxg4 35. hxg4 e4 36. Rd4 Re5 37. Bc6 Bg5 38. Kh2 e3 39. Kg3 e2 40. Re1 Rf1 41.
Rxe2 Rxe2 42. Rxd6 Bf4+ 43. Kh3 Rh2# 0-1

[Event "33. Open Ciudad de San Sebastian"]
[Site "San Sebastián ESP"]
[Date "2010.03.31"]
[Round "4.35"]
[White "Huerga Leache, Mikel"]
[Black "Etxeberria Iriondo, Sabino"]
[Result "1/2-1/2"]
[WhiteElo "2446"]
[BlackElo "1958"]
[PlyCount "46"]
[EventDate "2010.03.28"]
[EventType "swiss"]
[EventRounds "9"]
[EventCountry "ESP"]
[Source "lmi"]
[SourceDate "2010.03.28"]

1. e4 e5 2. Nf3 Nc6 3. Bb5 Nf6 4. O-O Ng4 5. h3 h5 6. d4 exd4 7. Nxd4 Bc5 8. c3
a6 9. Bxc6 dxc6 10. hxg4 hxg4 11. g3 Qf6 12. Re1 Bd7 13. b4 O-O-O 14. Be3 Bxd4
15. cxd4 Rh3 16. Kg2 Rdh8 17. Rg1 c5 18. bxc5 Qe6 19. Kf1 Rh1 20. Ke2 Ba4 21.
Rxh1 Bxd1+ 22. Rxd1 Qxe4 23. Kd2 g5 1/2-1/2

[Event "33. Open Ciudad de San Sebastian"]
[Site "San Sebastián ESP"]
[Date "2010.03.31"]
[Round "4.36"]
[White "Bae, Torstein"]
[Black "Molina Rodriguez, Borja"]
[Result "1-0"]
[WhiteElo "2414"]
[BlackElo "1941"]
[PlyCount "47"]
[EventDate "2010.03.28"]
[EventType "swiss"]
[EventRounds "9"]
[EventCountry "ESP"]
[Source "lmi"]
[SourceDate "2010.03.28"]

1. e4 c5 2. Nf3 Nc6 3. Nc3 e6 4. Bb5 Nge7 5. O-O a6 6. Be2 b5 7. d4 cxd4 8.
Nxd4 Nxd4 9. Qxd4 Nc6 10. Qe3 Qc7 11. Kh1 Nb4 12. Qd2 Bb7 13. a3 Nc6 14. b3 Be7
15. Bb2 Bf6 16. f4 d6 17. Bd3 h5 18. Nd1 h4 19. h3 Qe7 20. Bxf6 Qxf6 21. Ne3
Rc8 22. Rae1 Ne7 23. e5 dxe5 24. Ng4 1-0

[Event "33. Open Ciudad de San Sebastian"]
[Site "San Sebastián ESP"]
[Date "2010.03.31"]
[Round "4.38"]
[White "Pasanen, Tuomo"]
[Black "Veras Sanz, Jose Antonio"]
[Result "1/2-1/2"]
[WhiteElo "2041"]
[BlackElo "1712"]
[PlyCount "52"]
[EventDate "2010.03.28"]
[EventType "swiss"]
[EventRounds "9"]
[EventCountry "ESP"]
[Source "lmi"]
[SourceDate "2010.03.28"]

1. d4 d5 2. c4 c6 3. Nf3 Nf6 4. Nc3 g6 5. Bf4 Bg7 6. e3 O-O 7. h3 Bf5 8. Nh4
Be6 9. Qb3 dxc4 10. Qxb7 Qb6 11. Qxb6 axb6 12. e4 b5 13. e5 Nd5 14. Be3 Na6 15.
a3 Nab4 16. Rc1 Nxc3 17. Rxc3 Nd5 18. Rc1 Nxe3 19. fxe3 Bd5 20. Be2 c5 21. Bf3
Bxf3 22. Nxf3 cxd4 23. exd4 Rfd8 24. Ke2 f6 25. Rhd1 Rd5 26. exf6 Bxf6 1/2-1/2

[Event "33. Open Ciudad de San Sebastian"]
[Site "San Sebastián ESP"]
[Date "2010.03.31"]
[Round "4.39"]
[White "Orube Bona, Andoni"]
[Black "Darrigues, Alain"]
[Result "0-1"]
[WhiteElo "1732"]
[BlackElo "1997"]
[PlyCount "78"]
[EventDate "2010.03.28"]
[EventType "swiss"]
[EventRounds "9"]
[EventCountry "ESP"]
[Source "lmi"]
[SourceDate "2010.03.28"]

1. e4 c5 2. b4 cxb4 3. a3 bxa3 4. Bxa3 d6 5. Nf3 e6 6. Nc3 a6 7. e5 d5 8. Bxf8
Kxf8 9. Nb5 Nc6 10. Nd6 Nxe5 11. Nxe5 Qxd6 12. Nf3 e5 13. Be2 Nf6 14. O-O Bd7
15. d4 e4 16. Ne5 b5 17. f3 Ke7 18. fxe4 dxe4 19. c4 Rhd8 20. c5 Qd5 21. Rc1
Be8 22. c6 Qxd4+ 23. Qxd4 Rxd4 24. c7 Rc8 25. Rxf6 gxf6 26. Bg4 Rd7 27. Nc6+
Kd6 28. Bxd7 Bxd7 29. Nd8 Be6 30. Nb7+ Ke7 31. Kf2 Bc4 32. Nc5 Rxc7 33. Nxa6
Ra7 34. Nb4 Ra3 35. Rb1 Kd6 36. Rb2 e3+ 37. Kf3 e2+ 38. Kf2 Ra1 39. Nc2 Rf1+
0-1

[Event "33. Open Ciudad de San Sebastian"]
[Site "San Sebastián ESP"]
[Date "2010.03.31"]
[Round "4.40"]
[White "Sanchez Dolado, Jorge"]
[Black "D Anna Razzetti, Juan Pablo"]
[Result "1/2-1/2"]
[WhiteElo "1966"]
[BlackElo "1804"]
[PlyCount "28"]
[EventDate "2010.03.28"]
[EventType "swiss"]
[EventRounds "9"]
[EventCountry "ESP"]
[Source "lmi"]
[SourceDate "2010.03.28"]

1. d4 d5 2. c4 c6 3. Nf3 Nf6 4. cxd5 cxd5 5. Nc3 e6 6. Bf4 Be7 7. e3 a6 8. Bd3
O-O 9. O-O Nc6 10. Ne5 Bd6 11. Rc1 Re8 12. Na4 Bxe5 13. dxe5 Nd7 14. Nc5 Nxc5
1/2-1/2

[Event "33. Open Ciudad de San Sebastian"]
[Site "San Sebastián ESP"]
[Date "2010.03.31"]
[Round "4.42"]
[White "Buiza Prieto, Aizbeltz"]
[Black "Ros Eskisabel, Jose Ramon"]
[Result "1/2-1/2"]
[WhiteElo "1812"]
[BlackElo "2143"]
[PlyCount "97"]
[EventDate "2010.03.28"]
[EventType "swiss"]
[EventRounds "9"]
[EventCountry "ESP"]
[Source "lmi"]
[SourceDate "2010.03.28"]

1. f4 d5 2. Nf3 g6 3. g3 Bg7 4. Bg2 Nh6 5. d3 d4 6. c3 c5 7. Nbd2 dxc3 8. bxc3
Bxc3 9. Rb1 O-O 10. Ng5 Nc6 11. Qc2 Bg7 12. Bxc6 bxc6 13. Nde4 Nf5 14. e3 h6
15. Nf3 Be6 16. Nxc5 Qa5+ 17. Bd2 Qxa2 18. Qxa2 Bxa2 19. Rb7 Rfb8 20. O-O Rxb7
21. Nxb7 Nd6 22. Nc5 Rb8 23. Rf2 Rb5 24. Na4 Rb3 25. Nc5 Rb1+ 26. Kg2 Rd1 27.
Be1 Ra1 28. Bb4 f5 29. Rc2 Bd5 30. Nd7 a5 31. Bc5 a4 32. Bxd6 exd6 33. Nb6 a3
34. Nxd5 cxd5 35. Nd4 Bxd4 36. exd4 Rb1 37. Kh3 Rb2 38. Rc3 a2 39. Ra3 Rd2 40.
Ra7 g5 41. g4 Rxd3+ 42. Kg2 Rd2+ 43. Kf3 fxg4+ 44. Kxg4 Rxd4 45. Kf5 gxf4 46.
Kf6 h5 47. Ra8+ Kh7 48. Ra7+ Kh6 49. Ra8 1/2-1/2

[Event "33. Open Ciudad de San Sebastian"]
[Site "San Sebastián ESP"]
[Date "2010.03.31"]
[Round "4.43"]
[White "Montoya Irigoyen, Inigo"]
[Black "D'amade, Philippe"]
[Result "1-0"]
[WhiteElo "2083"]
[BlackElo "1810"]
[PlyCount "31"]
[EventDate "2010.03.28"]
[EventType "swiss"]
[EventRounds "9"]
[EventCountry "ESP"]
[Source "lmi"]
[SourceDate "2010.03.28"]

1. c4 e6 2. Nc3 d5 3. d4 Bb4 4. g3 Nf6 5. Bg2 O-O 6. a3 Bxc3+ 7. bxc3 c6 8. Nf3
Nbd7 9. O-O Ne4 10. Qb3 Qa5 11. cxd5 exd5 12. c4 dxc4 13. Qxc4 Nb6 14. Qc2 Bf5
15. g4 Ng3 16. gxf5 1-0